| 000 | nam a22 a 4500 | ||
|---|---|---|---|
| 999 |
_c3494 _d3494 |
||
| 005 | 20170523094323.0 | ||
| 008 | 170523b2009 cau||||| |||| 00| 0 eng d | ||
| 020 |
_a9780470432396 (cased) _c£23.99 |
||
| 020 |
_a047043239X (cased) _c£23.99 |
||
| 040 | _aAKMAL | ||
| 082 | _a658.4092 BEN | ||
| 090 |
_a658.4092 _bBEN |
||
| 100 |
_aBennis, Warren G. _96279 |
||
| 245 |
_aThe essential Bennis / _cWarren Bennis ; with Patricia Ward Biederman ; foreword by Charles Handy. |
||
| 250 | _a1st ed. | ||
| 260 |
_aSan Francisco, Calif. _bJossey-Bass _c2009. |
||
| 260 |
_aChichester _bJohn Wiley [distributor] _c2009. |
||
| 300 |
_axi, 465 p. _bill. _c24cm |
||
| 500 | _aFormerly CIP. | ||
| 504 | _aIncludes bibliographical references and index. | ||
| 650 |
_aLeadership. _9120 |
||
| 650 |
_aManagement. _91462 |
||
| 700 |
_aBiederman, Patricia Ward. _96281 |
||
| 942 |
_2ddc _cBOOK |
||